000 00206nam a22000857a 4500
008 170201b xxu||||| |||| 00| 0 eng d
100 _92716
_aMoore.J.E.
245 _aThe Earth Grades-1
260 _aUSA
_bEvan
_c2008
999 _c5880
_d5880